The dark net (Record no. 5377)

MARC details
000 -CABECERA
campo de control de longitud fija 02352 am a2200337 i 4500
001 - NÚMERO DE CONTROL
campo de control 7122120
003 - IDENTIFICADOR DEL NÚMERO DE CONTROL
campo de control CaAEU
005 - FECHA Y HORA DE LA ÚLTIMA TRANSACCIÓN
campo de control 20260304142156.0
008 - DATOS DE LONGITUD FIJA--INFORMACIÓN GENERAL
campo de control de longitud fija 150601r20152014nyu b 000 0 eng
010 ## - NÚMERO DE CONTROL DE LA BIBLIOTECA DEL CONGRESO
Número de control de LC 2015013287
020 ## - NÚMERO INTERNACIONAL ESTÁNDAR DEL LIBRO
Número Internacional Estándar del Libro 9781612194899 (hardback)
020 ## - NÚMERO INTERNACIONAL ESTÁNDAR DEL LIBRO
Número Internacional Estándar del Libro 1612194893 (hardback)
020 ## - NÚMERO INTERNACIONAL ESTÁNDAR DEL LIBRO
Número Internacional Estándar del Libro 9781612195216 (paperback)
035 ## - NÚMERO DE CONTROL DEL SISTEMA
Número de control de sistema ocn900594552
040 ## - FUENTE DE LA CATALOGACIÓN
Centro catalogador/agencia de origen DLC
Lengua de catalogación eng
Normas de descripción rda
Centro/agencia transcriptor DLC
Centro/agencia modificador IG#
-- YDXCP
-- BDX
-- BTCTA
-- IEP
-- VP@
-- OCP
-- TXA
-- OCLCF
-- OCLCO
-- IGP
-- OCLCO
-- ARDC
-- AEVC
041 ## - CÓDIGO DE LENGUA
Código de lengua del texto/banda sonora o título independiente English
042 ## - CÓDIGO DE AUTENTICACIÓN
Código de autenticación pcc
050 00 - SIGNATURA TOPOGRÁFICA DE LA BIBLIOTECA DEL CONGRESO
Número de clasificación TK5105.875.I57
Número de documento/Ítem B378 2015
100 ## - ENTRADA PRINCIPAL--NOMBRE DE PERSONA
Nombre de persona Bartlett, Jamie.
9 (RLIN) 26786
245 14 - MENCIÓN DE TÍTULO
Título The dark net
Resto del título : inside the digital underworld
Mención de responsabilidad, etc. / Jamie Bartlett.
264 #1 - PRODUCCIÓN, PUBLICACIÓN, DISTRIBUCIÓN, FABRICACIÓN Y COPYRIGHT
Producción, publicación, distribución, fabricación y copyright Brooklyn :
Nombre del de productor, editor, distribuidor, fabricante Melville House,
Fecha de producción, publicación, distribución, fabricación o copyright [2015]
264 #4 - PRODUCCIÓN, PUBLICACIÓN, DISTRIBUCIÓN, FABRICACIÓN Y COPYRIGHT
Fecha de producción, publicación, distribución, fabricación o copyright ©2015
300 ## - DESCRIPCIÓN FÍSICA
Extensión x, 308 pages ;
Dimensiones 24 cm
500 ## - NOTA GENERAL
Nota general First published in Great Britain in 2014 by William Heinemann.
504 ## - NOTA DE BIBLIOGRAFÍA, ETC.
Nota de bibliografía, etc. Includes bibliographical references (pages 301-308)
505 0# - NOTA DE CONTENIDO CON FORMATO
Nota de contenido con formato Introduction: Liberty or Death — Unmasking the Trolls — The Lone Wolf — Into Galt's Gulch — Three Clicks — On the Road — Lights, Web-camera, Action — The Werther Effect — Conclusion: Zoltan vs Zerzan.
520 ## - SUMARIO, ETC.
Sumario, etc. "An Independent and New Statesman Book of the Year. Beyond the familiar online world that most of us inhabit--a world of Google, Facebook, and Twitter--lies a vast and often hidden network of sites, communities, and cultures where freedom is pushed to its limits, and where people can be anyone, or do anything, they want. This is the world of Bitcoin and Silk Road, of radicalism and pornography. This is the Dark Net. In this important and revealing book, Jamie Bartlett takes us deep into the digital underworld and presents an extraordinary look at the internet we don't know. Beginning with the rise of the internet and the conflicts and battles that defined its early years, Bartlett reports on trolls, pornographers, drug dealers, hackers, political extremists, Bitcoin programmers, and vigilantes--and puts a human face on those who have many reasons to stay anonymous. Rich with historical research and revelatory reporting, The Dark Net is an unprecedented, eye-opening look at a world that doesn't want to be known"--
Fuente proveedora Provided by publisher.
650 #0 - PUNTO DE ACCESO ADICIONAL DE MATERIA--TÉRMINO DE MATERIA
Término de materia o nombre geográfico como elemento de entrada Internet
9 (RLIN) 1135
650 #0 - PUNTO DE ACCESO ADICIONAL DE MATERIA--TÉRMINO DE MATERIA
Término de materia o nombre geográfico como elemento de entrada Internet - Moral and ethical aspects.
9 (RLIN) 26787
942 ## - ELEMENTOS DE ENTRADA AGREGADA (KOHA)
Fuente del sistema de clasificación o colocación Clasificación de Library of Congress
Holdings
Estado de retiro Estado de pérdida Fuente del sistema de clasificación o colocación Estado dañado No para préstamo Biblioteca de origen Biblioteca actual Fecha de adquisición Total de préstamos Fecha visto por última vez Número de copia Precio válido a partir de Tipo de ítem Koha Nota pública
    Clasificación de Library of Congress     TBS Barcelona TBS Barcelona 04/03/2026   04/03/2026 1 04/03/2026 Book SOON AVAILABLE

Powered by Koha